Sports Quiz

Random Sports Quiz

Masters Snooker Finalists Quiz Stats

 Plays Quiz not verified by Sporcle

Support Sporcle.
Go Orange.
Score 0/33 Timer 08:00
0 Plays Today
Year of First Final Appearance Name % Correct
1982Steve Davis
97.5%
1989Stephen Hendry
97.5%
1995Ronnie O'Sullivan
97.1%
1995John Higgins
97.1%
1978Alex Higgins
96.8%
1998Mark Williams
94.7%
2008Mark Selby
94.1%
1984Jimmy White
93.5%
2012Shaun Murphy
93.1%
2012Neil Robertson
92.4%
2007Ding Junhui
91.2%
1987Dennis Taylor
89.3%
2001Paul Hunter
89.3%
2018Mark Allen
89.2%
1975Ray Reardon
89.1%
2000Matthew Stevens
88.4%
1989John Parrott
86.6%
Year of First Final Appearance Name % Correct
1978Cliff Thorburn
85.3%
1999Ken Doherty
85.3%
2018Kyren Wilson
85.3%
1975John Spencer
84.2%
1980Terry Griffiths
82.6%
2016Barry Hawkins
82.3%
1994Alan McManus
80%
1977Doug Mountjoy
73.9%
2011Marco Fu
73.3%
2017Joe Perry
70.6%
1979Perrie Mans
67.4%
2008Stephen Lee
66%
2001Fergal O'Brien
60.9%
1988Mike Hallett
56.5%
1993James Wattana
53.4%
1976Graham Miles
31.7%

You're not logged in!

Compare scores with friends on all Sporcle quizzes.
OR
Log In

From the Vault

Slam Dunk Champs

by Ben

For the true NBA fan this quiz is, well, a slam dunk.
Remove Ads.
Support Sporcle.
Get the best of Sporcle when you Go Orange. This ad-free experience offers more features, more stats, and more fun while also helping to support Sporcle. Thank you for becoming a member.

Show Comments

Extras

Top Quizzes Today


Score Distribution

Your Account Isn't Verified!

In order to create a playlist on Sporcle, you need to verify the email address you used during registration. Go to your Sporcle Settings to finish the process.

Report this User

Report this user for behavior that violates our Community Guidelines.

Details: